000 00672nam a2200217 a 4500
999 _c2610
_d2610
001 2610
003 BD-JhCC
005 20171105123236.0
008 171105s1396 bg |||| ||a| 000 0 ben d
035 _a(BD-JhCC)2610
040 _aBD-JhCC
_dBD-JhCC
041 _aben
082 _a891.443
_bMAJ 1396
100 _aমজুমদার. সমরেশ
245 _aভিক্টোরিয়ার বাগান /
_cসমরেশ মজুমদার
260 _aকলকাতা :
_bমিত্র ও ঘোষ পাবলিশার্স,
_c1396.
300 _a124 p. :
_c21 cm.
650 _aBengali Novel
942 _2ddc
_cBK